[Event "IRI-ch U16"]
[Site "Chess.com INT"]
[Date "2021.01.16"]
[Round "5"]
[White "Ghanbarpour, Mahan"]
[Black "Mahmoudi, Mani"]
[Result "0-1"]
[WhiteElo "1364"]
[BlackElo "1615"]
[PlyCount "80"]
[EventDate "2021.01.16"]
[EventType "swiss"]
[EventRounds "11"]
[EventCountry "IRI"]
[SourceTitle "EXT 2022"]
[Source "ChessBase"]
[SourceDate "2021.10.06"]
[SourceVersion "1"]
[SourceVersionDate "2021.10.06"]
[SourceQuality "1"]

1. Nf3 Nf6 2. g3 g6 3. Bg2 Bg7 4. 0-0 0-0 5. c4 c6 6. d4 d5 7. cxd5 cxd5 8. Nc3 Nc6 9. h3 a6 10. a3 b5 11. b4 Bb7 12. Bb2 Ne4 13. e3 Nd6 14. Nd2 e6 15. Nb3 Nc4 16. Qe2 Rc8 17. Nc5 Qe7 18. h4 h5 19. Na2 a5 20. bxa5 N6xa5 21. Bc3 Bc6 22. Bb4 Qa7 23. Nc3 Rfd8 24. Bf3 Nb7 25. Bg2 Nxc5 26. Bxc5 Qd7 27. Na2 Bf8 28. Bxf8 Kxf8 29. Nb4 Ra8 30. Nc2 Qe7 31. Qd3 Ra4 32. Rfb1 Rda8 33. g4 Qxh4 34. gxh5 Qxh5 35. Nb4 Bd7 36. Nc2 Kg7 37. Rb3 Rh8 38. Kf1 Qg4 39. Qe2 Qg5 40. Qf3 Nd2+ 0-1

[Event "IRI-ch U16"]
[Site "Chess.com INT"]
[Date "2021.01.16"]
[Round "4"]
[White "Mahmoudi, Mani"]
[Black "Hamed, Mohamad Mahdi"]
[Result "1-0"]
[WhiteElo "1615"]
[BlackElo "1267"]
[PlyCount "113"]
[EventDate "2021.01.16"]
[EventType "swiss"]
[EventRounds "11"]
[EventCountry "IRI"]
[SourceTitle "EXT 2022"]
[Source "ChessBase"]
[SourceDate "2021.10.06"]
[SourceVersion "1"]
[SourceVersionDate "2021.10.06"]
[SourceQuality "1"]

1. e4 c5 2. Nf3 d6 3. d4 cxd4 4. Nxd4 Nf6 5. Nc3 a6 6. Be2 e5 7. Nb3 Be7 8. 0-0 0-0 9. f4 exf4 10. Bxf4 Nbd7 11. Qe1 Ne5 12. Rd1 Qc7 13. Bg5 Be6 14. Qg3 Kh8 15. Kh1 b5 16. a3 Rad8 17. h3 Ng8 18. Nd4 g6 19. Rf2 Qb8 20. Rdf1 Qc7 21. Bxe7 Qxe7 22. Nd5 Bxd5 23. exd5 Qb7 24. Ne6 Qxd5 25. Nxf8 Rxf8 26. Rd1 Qc5 27. Bf1 Nh6 28. Rfd2 Nf5 29. Qb3 Ne3 30. Re1 N5c4 31. Bxc4 Nxc4 32. Qc3+ Kg8 33. Rde2 d5 34. b3 d4 35. Qb4 Qxb4 36. axb4 Nd6 37. Ra1 Ra8 38. Rd2 Nf5 39. g4 Ne3 40. Rc1 Rc8 41. Rxd4 Rxc2 42. Rxc2 Nxc2 43. Re4 Kg7 44. Kg1 f5 45. gxf5 gxf5 46. Re7+ Kg6 47. Re6+ Kg5 48. Rxa6 Nxb4 49. Rb6 Kf4 50. Rxb5 Nd3 51. Kg2 Ke4 52. Rb7 h5 53. Re7+ Kf4 54. Re8 h4 55. Re7 Kg5 56. Kf3 Ne1+ 57. Rxe1 1-0

[Event "IRI-ch U16"]
[Site "Chess.com INT"]
[Date "2021.01.16"]
[Round "8"]
[White "Mahmoudi, Mani"]
[Black "Mousavi Dodji, Seyed Ali"]
[Result "1-0"]
[WhiteElo "1615"]
[BlackElo "1006"]
[PlyCount "55"]
[EventDate "2021.01.16"]
[EventType "swiss"]
[EventRounds "11"]
[EventCountry "IRI"]
[SourceTitle "EXT 2022"]
[Source "ChessBase"]
[SourceDate "2021.10.06"]
[SourceVersion "1"]
[SourceVersionDate "2021.10.06"]
[SourceQuality "1"]

1. e4 d6 2. d4 g6 3. Nf3 Nf6 4. Nc3 Bg7 5. Bd3 0-0 6. Be3 e6 7. Qd2 Nc6 8. 0-0-0 Re8 9. Rdg1 b6 10. g4 e5 11. Bb5 Bxg4 12. Rxg4 Nxg4 13. Bxc6 Nxe3 14. fxe3 exd4 15. exd4 Re7 16. Bxa8 Qxa8 17. Nd5 Rxe4 18. c4 c5 19. Re1 Rxe1+ 20. Qxe1 cxd4 21. Qe4 f5 22. Ne7+ Kf7 23. Qxa8 g5 24. Nxf5 g4 25. Qb7+ Kg6 26. N3h4+ Kf6 27. Qxg7+ Ke6 28. Qe7# 1-0